Central Library OPAC University of Rajshahi

Freedom and justice within walls : (Record no. 49665)

MARC details
000 -LEADER
fixed length control field 00726nam a2200241 a 4500
001 - CONTROL NUMBER
control field 49665
003 - CONTROL NUMBER IDENTIFIER
rucl marc code BD-RJUL
005 - DATE AND TIME OF LATEST TRANSACTION
control field 20211209054718.0
008 - FIXED-LENGTH DATA ELEMENTS--GENERAL INFORMATION
fixed length control field 160822s1970 enka 001 0 eng d
020 ## - INTERNATIONAL STANDARD BOOK NUMBER
International Standard Book Number 0422733008
035 ## - SYSTEM CONTROL NUMBER
System control number BD-RJUL 49785
040 ## - CATALOGING SOURCE
Original cataloging agency BD-RjUL
Language of cataloging eng
Transcribing agency BD-RjUL
041 ## - LANGUAGE CODE
Language code of text/sound track or separate title eng
082 ## - DEWEY DECIMAL CLASSIFICATION NUMBER
Classification number 365.94241
Edition number 18
Author mark and year EMF 1970
100 1# - MAIN ENTRY--PERSONAL NAME
Personal name Emery, F. E.
Fuller form of name (Frederick Edmund)
9 (RLIN) 133724
245 10 - TITLE STATEMENT
Title Freedom and justice within walls :
Remainder of title the Bristol prison experiment /
Statement of responsibility, etc. F.E. Emery
260 ## - PUBLICATION, DISTRIBUTION, ETC. (IMPRINT)
Place of publication, distribution, etc. London :
Name of publisher, distributor, etc. Tavistock,
Date of publication, distribution, etc. 1970
300 ## - PHYSICAL DESCRIPTION
Pagination xvi, 119 p. :
Illustrations ill. ;
Size 23 cm
610 20 - SUBJECT ADDED ENTRY--CORPORATE NAME
Corporate name or jurisdiction name as entry element Bristol Prison
830 #0 - SERIES ADDED ENTRY--UNIFORM TITLE
Uniform title Studies in social ecology and pathology
942 ## - ADDED ENTRY ELEMENTS (KOHA)
Source of classification or shelving scheme Dewey Decimal Classification
Koha item type Books
Holdings
Lost status Source of classification or shelving scheme Damaged status Not for loan Collection code Permanent Location Current Location Shelving location Date acquired Source of acquisition Cost, normal purchase price Total Checkouts Full call number Date last seen Copy number Koha item type
  Dewey Decimal Classification     Non-fiction Central Library, University of Rajshahi Central Library, University of Rajshahi   27/07/1972 Warsi book center 30.80   365.94241 EMF 1970 22/08/2016 C-2 Books